Lokacje w Krakowie – Quiz na mapie - Statystyki

Ogólne statystyki
  • Ten quiz został rozwiązany 205 razy
  • Średni wynik to 8 z 12
Odpowiedzi na mapie
Odpowiedzi zakodowano w zielono-czerwonej skali na mapie do tego quizu, zgodnie z poniższymi procentami.
 
Statystyki odpowiedzi
Odpowiedź % Poprawnych
Bielańsko-Tyniecki Park Krajobrazowy
80%
Kopiec Kościuszki
75%
Sanktuarium w Łagiewnikach
75%
Sukiennice
75%
Bazylika Mariacka
73%
Zamek na Wawelu
73%
Obóz koncentracyjny w Płaszowie
69%
Barbakan
68%
Zabytkowa zabudowa Kazimierza
67%
Collegium Maius
65%
Dworzec Kraków Główny
59%
Teatr Słowackiego
56%
Nie znaleziono quizów pasujących do podanych kryteriów
Rozkład punktacji
Procent ludzi z każdym wynikiem
Percentyl według liczby udzielonych odpowiedzi
Twoja historia wyników
Nie rozwiązałeś tego quizu